| 000 | 00000nam##2200000za#4500 |
| 001 | 9.574207 |
| 003 | CaOODSP |
| 005 | 20210624184054 |
| 007 | cr ||||||||||| |
| 008 | 150406|2006||||xxc|||||o f|0| 0 eng|d |
| 022 | |a1488-5379 |
| 040 | |aCaOODSP|beng |
| 043 | |an-cn--- |
| 086 | 1 |aFs97-6/2662E-PDF |
| 110 | 1 |aCanada. |bDepartment of Fisheries and Oceans. |
| 245 | 10|aPuntledge River high temperature study : |h[electronic resource]|binfluence of high water temperature on adult summer chinook salmon (Oncorhynchus tshawytscha) in 2004 and 2005 / |cby J. O. T. Jensen ... [et al.]. |
| 260 | |aNanaimo - British Columbia : |bFisheries and Oceans Canada |c2006. |
| 300 | |a56p.|bcoloured map, graphs, references, tables, photographs |
| 490 | 1 |aCanadian technical report of fisheries and aquatic sciences|x1488-5379|v2662 |
| 500 | |aThe catalogue number (Fs97-6/2662E) and ISSN (0706-6457) for the print edition have been incorrectly copied in this electronic publication. |
| 546 | |a(Résumé en français) |
| 590 | |a12-26-Supp|b2012-06-07 |
| 720 | 1 |aJensen, J. O. T. |
| 776 | 0#|tPuntledge River high temperature study : |w(CaOODSP)9.618107 |
| 830 | #0|aCanadian technical report of fisheries and aquatic sciences,|x1488-5379|v2662|w(CaOODSP)9.504449 |
| 856 | 40|ahttp://publications.gc.ca|qPDF|s1.62 MB|uhttps://publications.gc.ca/collections/collection_2012/mpo-dfo/Fs97-6-2662-eng.pdf|y2662 |